Responses for Show #1428 - Wednesday, November 14, 1990

1990 Tournament of Champions semifinal game 3.

Contestants

[<< previous game]

Andrew Bernknopf, a writer originally from Pittsburgh, Pennsylvania

Bob Blake, an actuary from Vancouver, British Columbia

Jeff Bandman, an attorney from New York City, New York

[next game >>]

Jeopardy! Round responses

SHAKESPEARE
DOGS
HODGEPODGE
MOVIE TRIVIA
SCIENTISTS
DOUBLE TALK
    $100 2
Hamlet

Bob
    $100 12
greyhounds

Andrew
    $100 14
choice

Jeff
    $100 26
(Alex: Serves them right!)
[Laughter]

Arachnophobia

Bob
    $100 16
(Wernher) Von Braun

Andrew
    $100 15
lulu

Andrew
    $200 3
Petruchio

Andrew
    $200 27
the Akita

Triple Stumper
    $200 21
RCA

Andrew
    $200 25
(Jeff: What's Aliens?)

Ghostbusters 2

Jeff
Triple Stumper
    $200 17
Marie Curie

Andrew
    $200 4
bonbon

Andrew
    $300 6
Richard III

Bob
    $300 28
(Alex: The Gordon is [*]. English and Irish are the two others.)

a setter

Triple Stumper
    $300 22
(Jacques) Cousteau

Jeff
    $300 5
Venice

Bob
    $300 18
(Hans) Geiger

Andrew
    $300 11
"Bang Bang"

Andrew
    $700 7
(Bob: What is her childhood?)

her salad days

Bob
    $400 29
the Airedale

Triple Stumper
    $400 23
sloth

Andrew
    $400 8
Black Rain

Bob
    $400 19
vitamins

Bob
    $400 13
(Alex: The African antelope is the famous--or perhaps not-so-famous--[*].)

dik-dik

Triple Stumper
    $500 10
King Lear

Bob
    $500 30
(Alex: And the last clue, for $500... We're going to the dogs, it seems, in this category...)
[Laughter]
...
(Alex: Oh, Andrew's upset! He was going to say [*]. Why didn't you ring in, Andrew?)
(Andrew: Because I was thinking of other ones to ring in for, and I would have been wrong on those. So I was snakebit.)
(Alex: So the past gives you some information as to the future. Not necessarily on our show. We'll be back to start Double Jeopardy! right after this. We're having a lot of fun today, and I hope you are too. Stay with us, won't you?)

the Netherlands

Triple Stumper
    $500 24
"The Star-Spangled Banner"

Bob
    $500 9
"What a dump!"

Bob
    $500 20
(Johannes) Kepler

Andrew
    $500 1
Circus Circus

Andrew

Scores at the first commercial break (after clue 15):

Jeff Bob Andrew
$100 $1,400 $1,400

Scores at the end of the Jeopardy! Round:

Jeff Bob Andrew
$200 $2,400 $3,100

Double Jeopardy! Round responses

EXPLORERS
BOOKS & AUTHORS
MUSIC
MATHEMATICS
WORLD CAPITALS
POISONS
    $200 21
Columbus

Jeff
    $200 18
Barbara Bush

Bob
    $200 17
a falsetto

Andrew
    $200 2
90

Andrew
    $200 3
Madrid

Bob
    $200 26
cyanide

Jeff
    $400 23
Canada

Andrew
    $400 19
John Updike

Bob
    $400 16
the English horn

Bob
    $400 7
(Andrew: What is a square?)

a triangle

JeffAndrew
    $400 4
Rio de Janeiro

Andrew
    $400 29
World War I

Andrew
    $600 24
Ponce de León

Andrew
    $600 20
The Hunt for Red October

Andrew
    $600 15
"Ode To Joy"

Andrew
    $600 5
8

Bob
    $600 6
Belize

Andrew
    $600 30
arsenic

Bob
    $800 25
(Andrew: Who are La Salle and Marquette?)
(Jeff: Who are Joliet and La Salle?)

Joliet & Marquette

JeffBobAndrew
    $800 10
The Herod Experiment

Bob
    $1,500 12
(Bob: ...Who is [*]?)
(Alex: Yes! [Applause] For a moment there, Andrew figured he was home free, until you said [*]. Andrew almost punched you out at that moment--at that point.)

Menotti

Bob
    $800 13
(Andrew: What is the sum?)
(Alex: Be more specific.)

the sum of the previous two numbers

Andrew
    $1,000 8
Helsinki

Jeff
    $800 28
strychnine

Andrew
    $1000 22
Coronado

Andrew
    $1000 9
James Ellroy

Triple Stumper
    $1000 11
(Jeff: Who's Stravinsky?)

Prokofiev

Jeff
Triple Stumper
    $1000 14
a helix

Andrew
    $1000 1
Kingston (Jamaica)

Andrew
    $1000 27
curare

Bob

Scores at the end of the Double Jeopardy! Round:

Jeff Bob Andrew
$200 $8,900 $10,500

[wagering suggestions for these scores]

Final Jeopardy! Round responses

U.S. HISTORY
(Alex: A few months ago, I watched the entire PBS series on the Civil War, and I can't recall if this bit of information was presented, but we'll find out if our players knew the correct response.)
...
(Alex: And Bob Blake, congratulations to you--our actuary from Vancouver, British Columbia is a finalist in the $100,000 tournament. [Applause] Come on over here, Bob. And we'll get you to greet your opponents in the final match, let's say hello to them now: Larry McKnight and Steve Berman. [Larry and Steve shake hands with Bob and get him to turn around for the camera.] On tomorrow's program, ladies and gentlemen, these three players will begin a two-day competition that will lead to a $100,000 payoff for one of them. It should be very, very exciting. Please join us again tomorrow. So long, everyone.)
JeffWhat is Maryland
$195
BobWhat was Tennessee
$2,000
AndrewWhat is Georgia?
$7,301
Tennessee

Final scores:

Jeff Bob Andrew
$5 $10,900 $3,199
3rd place: $5,000 Finalist 2nd place: $5,000

Game dynamics:

Coryat scores:

Jeff Bob Andrew
$0 $8,900 $10,500
6 R
(including 1 DD),
3 W
19 R
(including 1 DD),
1 W
(including 1 DD)
26 R,
2 W

Combined Coryat: $19,400

[game clues] [game scores] [suggest correction]

Game tape date: 1990-10-23
The J! Archive is created by fans, for fans. Scraping, republication, monetization, and malicious use prohibited; this site may use cookies and collect identifying information. See terms. The Jeopardy! game show and all elements thereof, including but not limited to copyright and trademark thereto, are the property of Jeopardy Productions, Inc. and are protected under law. This website is not affiliated with, sponsored by, or operated by Jeopardy Productions, Inc. Join the discussion at JBoard.tv.